[Event "Cebu-ch"]
[Site "Cebu"]
[Date "2024.04.14"]
[Round "8"]
[White "Yap, Kim Steven"]
[Black "Pagaran, Michael Joseph"]
[Result "1/2-1/2"]
[WhiteElo "2378"]
[BlackElo "2180"]
[PlyCount "60"]
[EventDate "2024.04.12"]
[EventType "tourn"]
[EventRounds "9"]
[EventCountry "PHI"]
[SourceTitle "CBM 219 Extra"]
[Source "ChessBase"]
[SourceDate "2024.05.31"]
[SourceVersion "1"]
[SourceVersionDate "2024.05.31"]
[SourceQuality "1"]

1. e4 e5 2. Nf3 Nc6 3. d4 exd4 4. Nxd4 Bc5 5. Be3 Qf6 6. c3 Qg6 7. Qf3 Ne5 8. Qf5 d6 9. Qxg6 hxg6 10. f3 a6 11. Nc2 Bxe3 12. Nxe3 Ne7 13. Nd2 Be6 14. 0-0-0 g5 15. Ndc4 Nxc4 16. Bxc4 Bxc4 17. Nxc4 f6 18. h3 0-0-0 19. Rhe1 Rhe8 20. Ne3 Kd7 21. Nd5 Nxd5 22. exd5 Rxe1 23. Rxe1 Re8 24. Rxe8 Kxe8 25. Kd2 Kf7 26. Ke3 Kg6 27. g4 Kf7 28. Ke4 g6 29. c4 a5 30. b3 b6 1/2-1/2

[Event "Cebu-ch"]
[Site "Cebu"]
[Date "2024.04.13"]
[Round "4"]
[White "Makinano, Anthony"]
[Black "Pagaran, Michael Joseph"]
[Result "1-0"]
[WhiteElo "2217"]
[BlackElo "2180"]
[PlyCount "75"]
[EventDate "2024.04.12"]
[EventType "tourn"]
[EventRounds "9"]
[EventCountry "PHI"]
[SourceTitle "CBM 219 Extra"]
[Source "ChessBase"]
[SourceDate "2024.05.31"]
[SourceVersion "1"]
[SourceVersionDate "2024.05.31"]
[SourceQuality "1"]

1. c4 Nf6 2. Nc3 g6 3. d4 Bg7 4. e4 d6 5. f4 0-0 6. Nf3 c5 7. d5 e6 8. dxe6 fxe6 9. Bd3 Nc6 10. 0-0 Nd4 11. Ng5 Ne8 12. Be3 Nc7 13. e5 Nf5 14. Bxf5 gxf5 15. exd6 Na6 16. Qd2 Bd7 17. Rad1 Qe8 18. Qf2 b6 19. Nf3 Nb4 20. a3 Nc6 21. Nb5 Qg6 22. b4 cxb4 23. axb4 Nxb4 24. Bd4 Bxb5 25. cxb5 Nd5 26. Bxg7 Qxg7 27. Ne5 Rad8 28. Rd3 Kh8 29. Rg3 Qb7 30. Rc1 Nf6 31. Rc6 Ne4 32. Qb2 Rf6 33. Rd3 Qg7 34. Rc7 Rxd6 35. Rc8+ Rf8 36. Rxf8+ Qxf8 37. Ng6+ Kg8 38. Qh8+ 1-0

[Event "Anti Cheating Blitz Cup"]
[Site "Chess.com INT"]
[Date "2020.05.20"]
[Round "2"]
[White "Pagaran, Michael Joseph"]
[Black "Nguyen, Doan Giang"]
[Result "1-0"]
[WhiteElo "2192"]
[BlackElo "1519"]
[PlyCount "85"]
[EventDate "2020.05.20"]
[EventType "swiss (blitz)"]
[EventRounds "11"]
[EventCountry "USA"]
[SourceTitle "CBM 196 Extra"]
[Source "ChessBase"]
[SourceDate "2020.07.31"]
[SourceVersion "1"]
[SourceVersionDate "2020.07.31"]
[SourceQuality "1"]

1. e4 c5 2. d4 cxd4 3. c3 Nc6 4. Nf3 d5 5. exd5 Qxd5 6. cxd4 Bg4 7. Nc3 Qd7 8. d5 Bxf3 9. gxf3 Nf6 10. dxc6 Qxd1+ 11. Nxd1 bxc6 12. Nc3 e6 13. Bd2 Bc5 14. Ne4 Bd4 15. Nxf6+ gxf6 16. Bc3 Bxc3+ 17. bxc3 Rb8 18. 0-0-0 Ke7 19. Bc4 Rb7 20. Bb3 Rg8 21. Rhg1 Rbb8 22. Bc2 h6 23. Be4 c5 24. Bc6 Rxg1 25. Rxg1 Rb6 26. Be4 Kf8 27. Kc2 Ra6 28. Kb3 Rb6+ 29. Kc4 Ra6 30. Ra1 Ra5 31. a4 f5 32. Bc6 Ke7 33. Bb5 a6 34. Bc6 Kd6 35. Be8 Ke7 36. Bc6 Kd6 37. Ba8 Kc7 38. f4 Kb8 39. Bf3 Kc7 40. Bd1 Kd7 41. Bb3 Ke7 42. Rd1 Rxa4+ 43. Bxa4 1-0

[Event "Anti Cheating Blitz Cup"]
[Site "Chess.com INT"]
[Date "2020.05.20"]
[Round "5"]
[White "Pagaran, Michael Joseph"]
[Black "Pulpan, Jakub"]
[Result "0-1"]
[WhiteElo "2192"]
[BlackElo "2407"]
[PlyCount "142"]
[EventDate "2020.05.20"]
[EventType "swiss (blitz)"]
[EventRounds "11"]
[EventCountry "USA"]
[SourceTitle "CBM 196 Extra"]
[Source "ChessBase"]
[SourceDate "2020.07.31"]
[SourceVersion "1"]
[SourceVersionDate "2020.07.31"]
[SourceQuality "1"]

1. e4 c5 2. d4 cxd4 3. c3 Nf6 4. e5 Nd5 5. Qxd4 e6 6. Nf3 Nc6 7. Qe4 f5 8. Qe2 Be7 9. g3 0-0 10. Bg2 b6 11. 0-0 Bb7 12. Rd1 Rc8 13. c4 Nc7 14. Nc3 Qe8 15. b3 Rd8 16. Bb2 Qh5 17. Nd4 Qxe2 18. Ndxe2 Ba8 19. f4 d6 20. exd6 Bxd6 21. Kf1 e5 22. Nd5 e4 23. Nxc7 Bxc7 24. Nd4 Nxd4 25. Rxd4 Rxd4 26. Bxd4 Rd8 27. Be3 Bc6 28. Ke1 b5 29. Bf1 Ba5+ 30. Kf2 a6 31. Be2 Bc3 32. Rd1 Rc8 33. Rc1 b4 34. Rd1 Kf7 35. Bd4 Bxd4+ 36. Rxd4 a5 37. Bd1 Ke7 38. Ke3 g6 39. Bc2 Bd7 40. Rd5 Ra8 41. Re5+ Kd6 42. Rd5+ Kc7 43. Rc5+ Bc6 44. Re5 Kd6 45. c5+ Kd7 46. Bd1 a4 47. bxa4 Bxa4 48. Be2 Bc6 49. Bc4 Rd8 50. Be6+ Kc7 51. Bb3 Rd7 52. Re6 Bd5 53. Bxd5 Rxd5 54. Re7+ Kc6 55. Rxh7 Rd3+ 56. Ke2 Ra3 57. Rg7 Rxa2+ 58. Ke3 Kxc5 59. Rxg6 Ra3+ 60. Ke2 b3 61. Rg8 Ra2+ 62. Ke3 b2 63. Rb8 Kc4 64. g4 Ra3+ 65. Ke2 Rb3 66. Rc8+ Kd5 67. Rd8+ Ke6 68. gxf5+ Kxf5 69. Rf8+ Kg4 70. Rg8+ Kxf4 71. Rg1 b1Q 0-1

[Event "Bacolod Negros op"]
[Site "Bacolod"]
[Date "2017.10.17"]
[Round "7"]
[White "Retanal, Elwin"]
[Black "Pagaran, Michael Joseph"]
[Result "1-0"]
[WhiteElo "2175"]
[BlackElo "2118"]
[PlyCount "61"]
[EventDate "2017.10.11"]
[EventType "swiss"]
[EventRounds "9"]
[EventCountry "PHI"]
[SourceTitle "CBM 181 Extra"]
[Source "ChessBase"]
[SourceDate "2017.12.12"]
[SourceVersion "1"]
[SourceVersionDate "2017.12.12"]
[SourceQuality "1"]

1. e4 d5 2. exd5 Nf6 3. d4 Bg4 4. Nf3 Qxd5 5. Be2 Nc6 6. c4 Qf5 7. Be3 0-0-0 8. Nbd2 e5 9. d5 Nb4 10. 0-0 Nc2 11. Rc1 Nxe3 12. fxe3 Bc5 13. Rc3 c6 14. dxc6 Ne4 15. Qb3 Nd6 16. Qa4 Bxf3 17. Rxf3 Qg5 18. b4 Bd4 19. Rb3 e4 20. Rg3 Qf6 21. Nf1 Be5 22. Qxa7 Bxg3 23. hxg3 bxc6 24. Bg4+ Nf5 25. Ra3 g6 26. Ra6 Rd7 27. Qb6 Rc7 28. b5 Kd7 29. bxc6+ Qxc6 30. Qd4+ Ke7 31. Qe5+ 1-0

[Event "Bacolod Negros op"]
[Site "Bacolod"]
[Date "2017.10.13"]
[Round "3"]
[White "Fronda Pascua, Jan Jodilyn"]
[Black "Pagaran, Michael Joseph"]
[Result "1/2-1/2"]
[WhiteElo "2170"]
[BlackElo "2118"]
[PlyCount "120"]
[EventDate "2017.10.11"]
[EventType "swiss"]
[EventRounds "9"]
[EventCountry "PHI"]
[SourceTitle "CBM 181 Extra"]
[Source "ChessBase"]
[SourceDate "2017.12.12"]
[SourceVersion "1"]
[SourceVersionDate "2017.12.12"]
[SourceQuality "1"]

1. e4 d5 2. exd5 Nf6 3. d4 Bg4 4. Nf3 Qxd5 5. Be2 Nc6 6. Nc3 Qh5 7. 0-0 0-0-0 8. h3 Nxd4 9. Nxd4 Bxe2 10. Ncxe2 e5 11. Be3 exd4 12. Nxd4 Qg6 13. Qf3 Nd5 14. Nb5 Nxe3 15. Qxe3 a6 16. Nc3 Kb8 17. Rad1 Bd6 18. Rd3 Rhe8 19. Qf3 Re5 20. b4 Rde8 21. Nd5 Re4 22. a3 Qe6 23. Ne3 Bf4 24. Nd5 Bd6 25. Ne3 Bf4 26. Nd5 Re1 27. Rd1 Rxd1 28. Qxd1 Bd6 29. c4 Qe2 30. c5 Qxd1 31. Rxd1 Be5 32. Ne3 Kc8 33. Kf1 Rd8 34. Rxd8+ Kxd8 35. Ke2 Kd7 36. Kd3 Ke6 37. g3 g5 38. a4 f5 39. g4 fxg4 40. hxg4 Bh2 41. Ke4 Be5 42. b5 axb5 43. axb5 Bc3 44. Nd5 Ba5 45. Ne3 Be1 46. f3 c6 47. bxc6 bxc6 48. Nc2 Bf2 49. Nb4 Bxc5 50. Nxc6 Bb6 51. Nb4 Bc7 52. Nd5 Bd6 53. Ne3 Bc5 54. Nf5 Bb6 55. Ng7+ Kf7 56. Nf5 Ke6 57. f4 gxf4 58. Kxf4 Bd8 59. Nd4+ Kd5 60. Nf3 Ke6 1/2-1/2